Climate change effects on groundwater resources (Record no. 11338)
[ view plain ]
| 000 -LEADER | |
|---|---|
| fixed length control field | 01526nam a2200349Ia 4500 |
| 001 - CONTROL NUMBER | |
| control field | CRC0KE16194PDF |
| 003 - CONTROL NUMBER IDENTIFIER | |
| control field | BD-DhSAU |
| 005 - DATE AND TIME OF LATEST TRANSACTION | |
| control field | 20151012144301.0 |
| 006 - FIXED-LENGTH DATA ELEMENTS--ADDITIONAL MATERIAL CHARACTERISTICS | |
| fixed length control field | m|||||o||d|||||||| |
| 007 - PHYSICAL DESCRIPTION FIXED FIELD--GENERAL INFORMATION | |
| fixed length control field | cr|||| |
| 008 - FIXED-LENGTH DATA ELEMENTS--GENERAL INFORMATION | |
| fixed length control field | 120329s2012 ne ab sb 001 0 eng d |
| 020 ## - INTERNATIONAL STANDARD BOOK NUMBER | |
| International Standard Book Number | 9780203120767 (ebook : PDF) |
| 040 ## - CATALOGING SOURCE | |
| Original cataloging agency | BD-DhSAU |
| Transcribing agency | BD-DhSAU |
| 090 ## - LOCALLY ASSIGNED LC-TYPE CALL NUMBER (OCLC); LOCAL CALL NUMBER (OCLC) | |
| Classification number (OCLC) (R) ; Classification number, CALL (RLIN) (NR) | TD403 |
| Local cutter number (OCLC) ; Book number/undivided call number, CALL (RLIN) | .C576 2012 |
| 092 ## - LOCALLY ASSIGNED DEWEY CALL NUMBER (OCLC) | |
| Classification number | 553.79 |
| Item number | C639 |
| 245 00 - TITLE STATEMENT | |
| Title | Climate change effects on groundwater resources |
| Medium | [electronic resource] : |
| Remainder of title | a global synthesis of findings and recommendations / |
| Statement of responsibility, etc. | editors: Holger Treidel, Jose Luis Martin-Bordes, Jason Gurdak. |
| 250 ## - EDITION STATEMENT | |
| Edition statement | 1st ed. |
| 260 ## - PUBLICATION, DISTRIBUTION, ETC. (IMPRINT) | |
| Place of publication, distribution, etc. | Leiden, Netherlands ; |
| -- | Boca Raton [Fla.] : |
| Name of publisher, distributor, etc. | CRC Press/Balkema, |
| Date of publication, distribution, etc. | 2012. |
| 300 ## - PHYSICAL DESCRIPTION | |
| Extent | xiv, 401 p. : |
| Other physical details | ill., maps. |
| 504 ## - BIBLIOGRAPHY, ETC. NOTE | |
| Bibliography, etc | Includes bibliographical references and index. |
| 505 0# - FORMATTED CONTENTS NOTE | |
| Formatted contents note | Tropical climates -- Dry (arid and semiarid) climates -- Temperate climates -- Continental climates -- Polar climates -- Various climates. |
| 530 ## - ADDITIONAL PHYSICAL FORM AVAILABLE NOTE | |
| Additional physical form available note | Also available in print edition. |
| 538 ## - SYSTEM DETAILS NOTE | |
| System details note | Mode of access: World Wide Web. |
| 650 #0 - SUBJECT ADDED ENTRY--TOPICAL TERM | |
| Topical term or geographic name as entry element | Groundwater. |
| 650 #0 - SUBJECT ADDED ENTRY--TOPICAL TERM | |
| Topical term or geographic name as entry element | Climatic changes |
| General subdivision | Environmental aspects |
| Form subdivision | Case studies. |
| 655 #7 - INDEX TERM--GENRE/FORM | |
| Genre/form data or focus term | Electronic books. |
| Source of term | lcsh |
| 700 1# - ADDED ENTRY--PERSONAL NAME | |
| Personal name | Treidel, Holger. |
| 700 1# - ADDED ENTRY--PERSONAL NAME | |
| Personal name | Martin-Bordes, Jos�e Luis. |
| 700 1# - ADDED ENTRY--PERSONAL NAME | |
| Personal name | Gurdak, Jason J. |
| 776 1# - ADDITIONAL PHYSICAL FORM ENTRY | |
| International Standard Book Number | 9780415689366 (hardback : alk. paper) |
| 856 40 - ELECTRONIC LOCATION AND ACCESS | |
| Uniform Resource Identifier | <a href="http://marc.crcnetbase.com/isbn/9780203120767">http://marc.crcnetbase.com/isbn/9780203120767</a> |
| Electronic format type | application/PDF |
No items available.
